Prayers of intercession for their use who mourn in secret, for the publick calamities of this nation. : with an anniversary prayer for the 30th of January. Very necessary and useful in private families, as well as in congregations. /

Bibliographic Details
Main Author: Hewit, John, 1614-1658
Format: eBook
Language:English
Published: London : [publisher not identified], Printed in the Year 1659.
Series:Early English books online.
Subjects:
Online Access:Connect to the full text of this electronic book
Connect to the full text of this electronic book

MARC

Tag First Indicator Second Indicator Subfields
LEADER 00000nam a2200000Ia 4500
001 in00004243921
005 20200807091845.0
006 m g d
007 cr bn |||a|bb|
008 840514s1659 enk o 00| | eng d
035 |a (OCoLC)10731819 
040 |a UMI  |c UMI  |d m/c  |d UMI  |d WaOLN 
037 |a CL0037000048  |b ProQuest Information and Learning. 300 N. Zeeb Rd., Ann Arbor, MI 48106 
090 |a BX5147.G7  |b H48 
049 |a UMIA 
100 1 |a Hewit, John,  |d 1614-1658. 
245 1 0 |a Prayers of intercession for their use who mourn in secret, for the publick calamities of this nation. :  |b with an anniversary prayer for the 30th of January. Very necessary and useful in private families, as well as in congregations. /  |c By Jo. Huit, D.D. 
260 |a London :  |b [publisher not identified],  |c Printed in the Year 1659. 
300 |a 1 online resource (48 pages) 
336 |a text  |b txt  |2 rdacontent 
337 |a computer  |b c  |2 rdamedia 
338 |a online resource  |b cr  |2 rdacarrier 
500 |a Reproduction of original in the Huntington Library. 
510 4 |a Wing  |c H1636A Variant. 
533 |a Electronic reproduction.  |b Ann Arbor, Mich. :  |c UMI,  |d 1999-  |f (Early English books online)  |n Digital version of: (Early English books, 1641-1700 ; 1404:4)  |7 s1999 miun s 
610 2 0 |a Church of England  |v Prayer-books and devotions. 
830 0 |a Early English books online. 
856 4 0 |u http://proxy.library.tamu.edu/login?url=https://search.proquest.com/docview/2248501605  |z Connect to the full text of this electronic book  |t 0 
856 4 0 |u http://proxy.library.tamu.edu/login?url=https://search.proquest.com/docview/2264171890  |z Connect to the full text of this electronic book  |t 0 
999 f f |s a253c8b1-832c-3cff-adc0-61c29a1bb7a3  |i e0558572-233a-371c-99e9-ffe0e302478d  |t 0 
952 f f |a Texas A&M University  |b College Station  |c Electronic Resources  |d Available Online  |t 0  |e BX5147.G7 H48  |h Library of Congress classification 
998 f f |a BX5147.G7 H48  |t 0  |l Available Online